European Union Countries - Whammies - Statistics

General Stats
  • This quiz has been taken 66 times
  • The average score is 22 of 27
Answer Stats
EU Country % Correct
Spain
98%
Portugal
97%
France
95%
Italy
93%
Ireland
92%
Germany
88%
Belgium
87%
Netherlands
87%
Sweden
85%
Greece
82%
Austria
80%
Estonia
80%
Latvia
80%
Lithuania
80%
Poland
80%
Slovenia
80%
Croatia
78%
Finland
78%
Luxembourg
78%
Czech Republic
77%
Romania
77%
Slovakia
77%
Hungary
75%
Bulgaria
70%
Denmark
70%
Malta
68%
Cyprus
63%
No matching quizzes found
Score Distribution
Percent of People with Each Score
Percentile by Number Answered
Your Score History
You have not taken this quiz